Labor policy of the federal government /

Bibliographic Details
Main Author: Metz, Harold W.
Corporate Author: Brookings Institution
Format: Book
Language:English
Published: Washington, D.C. : The Brookings Institution, 1945.
Subjects:

MARC

Tag First Indicator Second Indicator Subfields
LEADER 00000cam a2200000 4500
001 in00000055794
005 20151008052315.0
008 721002s1945 dcu 00000 eng u
010 |a  45010667  
035 |a (OCoLC)00420843 
035 |9 AAH2738AM 
040 |c CSU  |d OCL  |d TXA  |d UtOrBLW 
049 |a TXAM  |c [129788] 
050 0 |a HD7834  |b .M46 
090 |a HD7834  |b .M46 1945 
092 |a 331  |b M596 
100 1 |a Metz, Harold W. 
245 1 0 |a Labor policy of the federal government /  |c by Harold W. Metz. 
264 1 |a Washington, D.C. :  |b The Brookings Institution,  |c 1945. 
300 |a ix, 284 pages ;  |c 23cm. 
336 |a text  |b txt  |2 rdacontent 
337 |a unmediated  |b n  |2 rdamedia 
338 |a volume  |b nc  |2 rdacarrier 
500 |a Accession # 129788 
504 |a Includes bibliographical references and index. 
536 |a Dr. Charles E. Ferguson and Dr. Melvin L. Greenhut, Economics Collection. 
650 0 |a Industrial relations  |z United States. 
650 0 |a Labor laws and legislation  |z United States. 
710 2 |a Brookings Institution. 
999 |a MARS 
999 f f |s 86df5221-c884-35ba-9405-ff6851022fdc  |i 45f396a8-0fb6-3d88-97f6-69769659c390  |t 0 
952 f f |p ric  |a Texas A&M University  |b Rellis Campus  |c Joint Library Facility  |s JLF  |d Remote Storage  |t 0  |e HD7834 .M46 1945  |h Library of Congress classification  |i unmediated -- volume  |m A14800711860 
998 f f |a HD7834 .M46 1945  |t 0  |l Remote Storage